MEMORIAS I CURSO IGLU CARIBE 14 DE JULIO AL 08 DE AGOSTO : (Registro nro. 22236)
[ vista simple ]
| 000 -LEADER | |
|---|---|
| fixed length control field | 00509nam a2200157 a 4500 |
| 001 - CONTROL NUMBER | |
| control field | 22236 |
| 005 - DATE AND TIME OF LATEST TRANSACTION | |
| control field | 20180713220117.0 |
| 008 - FIXED-LENGTH DATA ELEMENTS--GENERAL INFORMATION | |
| fixed length control field | 140415s1997 000 0 spa d |
| 020 ## - INTERNATIONAL STANDARD BOOK NUMBER | |
| International Standard Book Number | 9800749942 |
| 041 ## - LANGUAGE CODE | |
| Language code of text/sound track or separate title | spa |
| 082 ## - DEWEY DECIMAL CLASSIFICATION NUMBER | |
| Classification number | 378.8 |
| Item number | MEM |
| 245 00 - TITLE STATEMENT | |
| Title | MEMORIAS I CURSO IGLU CARIBE 14 DE JULIO AL 08 DE AGOSTO : |
| Remainder of title | DE 1997 UNIVERSIDAD SIMON BOLIVAR CARACAS, VENEZUELA |
| 260 ## - PUBLICATION, DISTRIBUTION, ETC. | |
| Place of publication, distribution, etc. | [s.l.] : |
| Name of publisher, distributor, etc. | UNIVERSIDAD SIMON BOLIVAR, |
| Date of publication, distribution, etc. | 1997 |
| 300 ## - PHYSICAL DESCRIPTION | |
| Extent | 191 |
| 650 14 - SUBJECT ADDED ENTRY--TOPICAL TERM | |
| Topical term or geographic name entry element | EDUCACION SUPERIOR |
| General subdivision | AMERICA LATINA |
| Withdrawn status | Lost status | Source of classification or shelving scheme | Damaged status | Not for loan | Collection code | Home library | Current library | Shelving location | Date acquired | Source of acquisition | Inventory number | Total Checkouts | Full call number | Barcode | Date last seen | Date last checked out | Price effective from | Koha item type |
|---|---|---|---|---|---|---|---|---|---|---|---|---|---|---|---|---|---|---|
| Dewey Decimal Classification | General | Biblioteca Karol Wojtyla | Biblioteca Karol Wojtyla | Sala general | 03/12/2013 | Compra | 151000000000000000045139 | 378.8 MEM | 42699 | 05/01/2026 | 07/02/2018 | 03/12/2013 | Libro |